Procedury i algoritmy formirovanija kompleksnych programm

Enregistré dans:
Détails bibliographiques
Auteur principal: Pospelov, Germogen Sergejevič
Autres auteurs: Irikov, Valerij Aleksejevič, Kurilov, Aleksej Jevgrafovič
Format: Livre
Langue:russe
Publié: Moskva Nauka 1985
Édition:1. izd.
Tags: Ajouter un tag
Pas de tags, Soyez le premier à ajouter un tag!

MARC

LEADER 00000nam a2200000 4500
001 c025375
005 20230223113855.2
041 0 |a rus 
044 |a RU 
245 1 0 |a Procedury i algoritmy formirovanija kompleksnych programm  |c Germogen Sergejevič Pospelov, Valerij Aleksejevič Irikov, Aleksej Jevgrafovič Kurilov 
250 |a 1. izd. 
264 1 |a Moskva  |b Nauka  |c 1985 
300 |a 422 s. 
100 1 |a Pospelov, Germogen Sergejevič 
700 1 |a Irikov, Valerij Aleksejevič 
700 1 |a Kurilov, Aleksej Jevgrafovič